Höchste 5 Berge - Statistiken

Allgemein
  • Dieses Quiz wurde 38 mal gespielt
  • Das Durchschnittsergebnis liegt bei 2 aus 5
Antwortstatistiken
Rang Höhe Berg % Korrekt
1. 8'848 m Mount Everest
94%
2. 8'611 m K2
92%
4. 8'516 m Lhotse
25%
3. 8'586 m Kangchendzönga
14%
5. 8'485 m Makalu
11%
Keine übereinstimmenden Quizze gefunden
Verteilung der Resultate
Anzahl Personen mit jedem Resultat
Perzentil nach korrekt beantworteten Fragen
Ihre Resultats-Entwicklung
Sie haben dieses Quiz noch nicht gespielt